[Event "Paris-ch Open A"]
[Site "Paris"]
[Date "2008.07.02"]
[Round "5.10"]
[White "Lacrosse, Marc"]
[Black "Graca, Robert"]
[Result "1-0"]
[WhiteElo "2252"]
[BlackElo "2101"]
[PlyCount "77"]
[EventDate "2008.06.??"]
[EventType "swiss"]
[EventRounds "9"]
[EventCountry "FRA"]
[SourceDate "2008.06.28"]

1. d4 Nf6 2. c4 e6 3. Nf3 c5 4. d5 d6 5. Nc3 exd5 6. cxd5 g6 7. h3 a6 8. a4 Qe7
9. g3 Bg7 10. Bg2 O-O 11. O-O Nbd7 12. Nd2 Nh5 13. Kh2 f5 14. f4 Ndf6 15. Nc4
Rb8 16. a5 Bd7 17. Qb3 Bb5 18. Nxb5 axb5 19. Qxb5 Ne4 20. Bxe4 Qxe4 21. Nxd6
Qe7 22. Qxc5 Rfd8 23. Nxb7 Rxb7 24. Qc4 Kh8 25. a6 Rb4 26. Qc2 Rbb8 27. Rf3 Bd4
28. Rd3 Ba7 29. Be3 Nf6 30. d6 Rxd6 31. Rxd6 Qxe3 32. Rxf6 Qf2+ 33. Kh1 Qd4 34.
Rc6 Qd5+ 35. Kh2 Re8 36. Rd1 Qf7 37. Rc7 Rxe2+ 38. Qxe2 Qxc7 39. Qe8+ 1-0

[Event "Paris-ch Open A"]
[Site "Paris"]
[Date "2008.07.02"]
[Round "5.48"]
[White "Mendeiros, Jerome"]
[Black "Walheim, Pascal"]
[Result "1-0"]
[WhiteElo "2140"]
[BlackElo "1970"]
[PlyCount "59"]
[EventDate "2008.06.??"]
[EventType "swiss"]
[EventRounds "9"]
[EventCountry "FRA"]
[SourceDate "2008.06.28"]

{Prix de beauté} 1. e4 c5 2. Nf3 d6 3. d4 cxd4 4. Nxd4 Nf6 5. Nc3 a6 6. Bg5 e6
7. f4 b5 8. Bd3 Nbd7 9. Qf3 Bb7 10. a3 Qb6 11. Nb3 Be7 12. O-O-O Nc5 13. Kb1
Nxb3 14. cxb3 Rc8 15. b4 h6 16. Bh4 Nd7 17. Bxe7 Kxe7 18. Rd2 Nf6 19. Rhd1 Rhd8
20. g4 d5 21. e5 Nd7 22. Qg3 Qc7 23. Qh4+ Kf8 24. g5 hxg5 25. Qxg5 f5 26. Rg1
Nb6 27. Rdg2 Rd7 28. Qh6 Rf7 29. Rxg7 Re8 30. Rxf7+ 1-0

[Event "Paris-ch Open A"]
[Site "Paris"]
[Date "2008.07.03"]
[Round "6.1"]
[White "Gervasio, Ricardo"]
[Black "Lavabre, Fabien"]
[Result "1/2-1/2"]
[WhiteElo "2287"]
[BlackElo "2221"]
[Annotator "Triger,Franck"]
[PlyCount "128"]
[EventDate "2008.06.??"]
[EventType "swiss"]
[EventRounds "9"]
[EventCountry "FRA"]
[SourceDate "2008.06.28"]

1. d4 Nf6 2. Nf3 g6 3. Bg5 Bg7 4. Nbd2 d5 5. e3 O-O 6. Be2 c5 7. c3 Nc6 8. dxc5
a5 9. a4 h6 10. Bh4 g5 11. Bg3 Ne4 12. Nxe4 dxe4 13. Qxd8 Rxd8 14. Nd2 Bf5 15.
Nc4 Rf8 16. Bc7 Be6 17. Nb6 Ra7 18. O-O-O f5 19. Nd5 Raa8 20. Bb5 Kf7 21. Nb6
Ra7 22. h4 g4 23. Nd5 Be5 24. Bb6 Raa8 25. Nc7 Bxc7 26. Bxc7 Rfc8 27. Bf4 h5
28. Rd2 Na7 29. Bd7 Rxc5 30. Bxe6+ Kxe6 31. Rhd1 Nc6 32. Rd7 b5 33. axb5 Rxb5
34. Rc7 Rc5 35. Rdd7 (35. Rcd7) 35... Rd5 36. Rxd5 Kxd5 37. Bg5 Kd6 38. Rb7 a4
39. Kb1 Ra7 40. Bxe7+ Ke6 41. Rb6 Kd7 42. Bc5 Ra5 43. Bb4 Ra7 44. Rb5 Ke6 45.
Bc5 Ra5 46. Rxa5 Nxa5 47. Kc2 Kd5 48. Bb6 Nb3 49. Bc7 Kc4 50. Bb6 Kb5 51. Bd4
Na5 52. Bf6 Kc4 53. Bd4 Nc6 54. Bf6 Nb8 55. Be5 Nd7 56. Bd4 Nf8 57. g3 Ne6 58.
Bb6 Nf8 59. Ba7 Nd7 60. Bd4 Nb8 61. Be5 Nc6 62. Bf6 Na5 63. Bg7 Nb3 64. Bd4
Na1+ 1/2-1/2

[Event "Paris-ch Open A"]
[Site "Paris"]
[Date "2008.07.03"]
[Round "6.2"]
[White "Rabineau, Clement"]
[Black "Strugnell, Carl"]
[Result "1-0"]
[WhiteElo "2241"]
[BlackElo "2188"]
[Annotator "Triger,Franck"]
[PlyCount "59"]
[EventDate "2008.06.??"]
[EventType "swiss"]
[EventRounds "9"]
[EventCountry "FRA"]
[SourceDate "2008.06.28"]

{Prix de beauté} 1. e4 c5 2. Nf3 d6 3. d4 cxd4 4. Nxd4 Nf6 5. Nc3 Nc6 6. Bg5 e6
7. Qd2 a6 8. O-O-O Be7 9. f4 Nxd4 10. Qxd4 b5 11. Bxf6 gxf6 12. e5 d5 13. f5
fxe5 14. Qxe5 Bf6 15. Qg3 Bd7 16. fxe6 fxe6 17. Be2 Qb8 18. Bh5+ Kd8 19. Qe3
Qe5 20. Qb6+ Kc8 21. Rhe1 Qg5+ 22. Kb1 Bxc3 (22... Qxh5 23. Rxe6 Bd8 (23...
Bxe6 24. Qxe6+ Kb7 25. Rxd5) 24. Qc5+ Kb7 25. Rxd5) 23. Rxe6 Ra7 $4 (23... Bxe6
24. Qxe6+) 24. Qxa7 Bxe6 25. Bf3 Bg7 (25... Bxb2 26. Qxa6+ Kd7 27. Qxb5+ Kc7
28. Qc5+ Kb7 29. Kxb2 Qf6+ 30. c3) 26. Qc5+ Kb7 (26... Kb8 27. Qb6+ Kc8 28.
Qxe6+) 27. Rxd5 Bxd5 28. Bxd5+ Kb8 29. Qb6+ Kc8 30. Be6# 1-0

[Event "Paris-ch Open A"]
[Site "Paris"]
[Date "2008.07.03"]
[Round "6.3"]
[White "Lebrun, Xavier"]
[Black "Lacrosse, Marc"]
[Result "1-0"]
[WhiteElo "2144"]
[BlackElo "2252"]
[PlyCount "69"]
[EventDate "2008.06.??"]
[EventType "swiss"]
[EventRounds "9"]
[EventCountry "FRA"]
[SourceDate "2008.06.28"]

1. e4 e5 2. Bc4 Nc6 3. Nf3 Bc5 4. O-O d6 5. c3 Bg4 6. b4 Bb6 7. a4 a6 8. d3 Nf6
9. h3 Be6 10. a5 Ba7 11. b5 axb5 12. Bxb5 Bd7 13. Bg5 Bb6 14. d4 Rxa5 15. Rxa5
Nxa5 16. Bxd7+ Qxd7 17. Bxf6 gxf6 18. Nh4 Nc6 19. d5 Ne7 20. Qf3 Ng6 21. Nf5
Rg8 22. Nd2 Nf4 23. Ra1 Qd8 24. g3 Nxh3+ 25. Kg2 Nxf2 26. Nc4 Bc5 27. Nce3 Bxe3
28. Qxe3 Ng4 29. Qa7 Qc8 30. Rb1 Rg5 31. Rxb7 Rxf5 32. exf5 Qd7 33. Rxc7 Ne3+
34. Kg1 Qd8 35. Qb7 1-0

[Event "Paris-ch Open A"]
[Site "Paris"]
[Date "2008.07.03"]
[Round "6.4"]
[White "Laurent, Julien G"]
[Black "Feuga, Quentin"]
[Result "1-0"]
[WhiteElo "2294"]
[BlackElo "2124"]
[PlyCount "74"]
[EventDate "2008.06.??"]
[EventType "swiss"]
[EventRounds "9"]
[EventCountry "FRA"]
[SourceDate "2008.06.28"]

1. Nf3 Nf6 2. c4 e6 3. g3 d5 4. Bg2 c6 5. O-O Nbd7 6. b3 Bd6 7. Bb2 e5 8. cxd5
cxd5 9. Nc3 O-O 10. Nb5 Bb8 11. Ba3 Re8 12. Nd6 Bxd6 13. Bxd6 Qb6 14. Ba3 Nf8
15. Qc2 Bg4 16. h3 Rac8 17. Qb2 Bxf3 18. Bxf3 e4 19. Bg2 Ne6 20. Rfc1 Nd4 21.
Bf1 Ne6 22. Rxc8 Rxc8 23. Rc1 Rxc1 24. Qxc1 Qc7 25. Qb1 Nd7 26. Bb2 f6 27. h4
Ne5 28. Bh3 Kf7 29. Qd1 g6 30. d3 exd3 31. exd3 Nc6 32. Qf3 Qd8 33. Qe3 f5 34.
Qh6 Qg8 35. Bg2 d4 36. Bd5 Kf6 37. Qg5+ Ke5 1-0

[Event "Paris-ch Open A"]
[Site "Paris"]
[Date "2008.07.03"]
[Round "6.5"]
[White "Aguirre, Simon"]
[Black "Morabbi, Armin"]
[Result "1-0"]
[WhiteElo "2278"]
[BlackElo "2135"]
[PlyCount "89"]
[EventDate "2008.06.??"]
[EventType "swiss"]
[EventRounds "9"]
[EventCountry "FRA"]
[SourceDate "2008.06.28"]

1. Nf3 d5 2. g3 Nf6 3. Bg2 c6 4. O-O Bf5 5. c4 e6 6. d3 Be7 7. Be3 dxc4 8. dxc4
Qxd1 9. Rxd1 Nbd7 10. Nc3 h6 11. Nd4 Bg6 12. h3 Bc5 13. Na4 Be7 14. Nb3 Be4 15.
f3 Bg6 16. Rac1 b6 17. Nc3 Rc8 18. Bf2 O-O 19. f4 e5 20. e4 exf4 21. gxf4 Nb8
22. Bf3 Bh5 23. Kg2 Bxf3+ 24. Kxf3 Rfd8 25. e5 Ne8 26. Ne4 Rxd1 27. Rxd1 Rd8
28. Rg1 Nd7 29. Nd4 Rc8 30. Nf5 Kf8 31. Bd4 Nc5 32. Nxe7 Kxe7 33. Nxc5 bxc5 34.
Bxc5+ Ke6 35. Bxa7 Ra8 36. Bc5 Rxa2 37. Ba3 g5 38. fxg5 hxg5 39. Ke4 f5+ 40.
exf6 Nxf6+ 41. Kd4 Nh5 42. Kc3 Nf4 43. Kb3 Rxa3+ 44. bxa3 Nxh3 45. Rg3 1-0

[Event "Paris-ch Open A"]
[Site "Paris"]
[Date "2008.07.03"]
[Round "6.6"]
[White "Baron, Thierry"]
[Black "Mory, Eric"]
[Result "1-0"]
[WhiteElo "2259"]
[BlackElo "2118"]
[PlyCount "57"]
[EventDate "2008.06.??"]
[EventType "swiss"]
[EventRounds "9"]
[EventCountry "FRA"]
[SourceDate "2008.06.28"]

1. e4 Nf6 2. e5 Nd5 3. d4 d6 4. c4 Nb6 5. exd6 exd6 6. Nc3 Be7 7. Be2 O-O 8. h3
Bf6 9. Ne4 Re8 10. Nxf6+ Qxf6 11. Be3 Nc6 12. Rc1 Qg6 13. Kf1 Bf5 14. Nf3 Be4
15. Ng5 d5 16. Bh5 Qf5 17. Bxf7+ Kh8 18. Bxe8 Rxe8 19. Nxe4 Qxe4 20. b3 dxc4
21. bxc4 Rf8 22. Kg1 Rd8 23. Qg4 Qd3 24. Kh2 Nxc4 25. Rhd1 Nxe3 26. Rxd3 Nxg4+
27. hxg4 Rd7 28. d5 Ne7 29. Rxc7 1-0

[Event "Paris-ch Open A"]
[Site "Paris"]
[Date "2008.07.03"]
[Round "6.7"]
[White "Hauroo, Harris"]
[Black "Toulzac, Pierre Yves"]
[Result "1/2-1/2"]
[WhiteElo "2134"]
[BlackElo "2238"]
[PlyCount "139"]
[EventDate "2008.06.??"]
[EventType "swiss"]
[EventRounds "9"]
[EventCountry "FRA"]
[SourceDate "2008.06.28"]

1. d4 Nf6 2. c4 g6 3. Nc3 Bg7 4. e4 d6 5. Nf3 O-O 6. Be2 e5 7. O-O exd4 8. Nxd4
Re8 9. f3 c6 10. Kh1 Nbd7 11. Nc2 Qc7 12. Bf4 Ne5 13. Ne3 Nh5 14. Bg5 Nd7 15.
g4 h6 16. gxh5 hxg5 17. hxg6 fxg6 18. Qd2 Nc5 19. Rg1 Qe7 20. Ng4 Bxg4 21. Rxg4
Ne6 22. c5 dxc5 23. Bc4 Qf7 24. Qg2 b5 25. Bxe6 Rxe6 26. Rxg5 Rf8 27. Rxc5 Qxf3
28. Qxf3 Rxf3 29. Kg2 Rf4 30. Kg3 Bh6 31. Re1 Rf7 32. Nd1 Bf4+ 33. Kg2 Rd7 34.
Rc2 g5 35. Nf2 Rh6 36. h3 Rhd6 37. Ree2 Kg7 38. Kf3 Be5 39. Rc5 Rf7+ 40. Kg2
Bd4 41. Rxg5+ Rg6 42. Rxg6+ Kxg6 43. Ng4 c5 44. Rd2 Rf4 45. Re2 Kf7 46. Nf2 Ke6
47. Nd3 Rf8 48. Rc2 c4 49. Ne1 Ke5 50. Nf3+ Kxe4 51. Nxd4 Kxd4 52. a3 a5 53. h4
b4 54. axb4 axb4 55. Kg3 Rg8+ 56. Kf4 Kd3 57. Rh2 c3 58. bxc3 bxc3 59. h5 c2
60. Rh1 Rb8 61. Rc1 Kd2 62. Rxc2+ Kxc2 63. Kg5 Kd3 64. h6 Rb6 65. Kh5 Ke4 66.
h7 Rb8 67. Kg6 Kf4 68. Kg7 Rb7+ 69. Kg6 Rxh7 70. Kxh7 1/2-1/2

[Event "Paris-ch Open A"]
[Site "Paris"]
[Date "2008.07.03"]
[Round "6.8"]
[White "Matrand, Arnaud"]
[Black "Borzakian, Manouk"]
[Result "1-0"]
[WhiteElo "2125"]
[BlackElo "2217"]
[PlyCount "135"]
[EventDate "2008.06.??"]
[EventType "swiss"]
[EventRounds "9"]
[EventCountry "FRA"]
[SourceDate "2008.06.28"]

1. d4 d6 2. g3 e5 3. dxe5 dxe5 4. Qxd8+ Kxd8 5. Bg2 c6 6. Nf3 f6 7. O-O Bc5 8.
Rd1+ Kc7 9. Nbd2 Bf5 10. Ne1 Ne7 11. Nd3 Nd7 12. Ne4 Bb6 13. Bd2 a5 14. c4 Bxe4
15. Bxe4 Nc5 16. Nxc5 Bxc5 17. a3 Rhd8 18. e3 h6 19. Kf1 Nc8 20. b3 Bf8 21. Ke1
Nb6 22. Rdc1 Nd7 23. b4 axb4 24. axb4 Nb6 25. c5 Nd7 26. Ke2 Rxa1 27. Rxa1 Nb8
28. Bc3 Be7 29. h4 Nd7 30. h5 Rb8 31. Bf5 Nf8 32. Ra7 Rd8 33. Ra1 Rb8 34. f4
exf4 35. gxf4 Nd7 36. Rg1 Bf8 37. Rd1 Rd8 38. e4 Nb8 39. Ra1 Re8 40. Kf3 Na6
41. e5 Rd8 42. exf6 gxf6 43. Bxf6 Rd2 44. Bc3 Rd5 45. Bg6 Kd7 46. Ke4 Nc7 47.
Bf5+ Kd8 48. Ra7 Nb5 49. Bf6+ Kc7 50. Ra8 Bxc5 51. bxc5 Rxc5 52. Be5+ Kb6 53.
Be6 Rc1 54. Kf5 Rg1 55. Rh8 c5 56. Rxh6 Nd4+ 57. Bxd4 cxd4 58. Rh7 Rh1 59. Rd7
Rxh5+ 60. Kg6 Rh4 61. Kg5 Rh2 62. Rxd4 Kc5 63. Rd5+ Kc6 64. f5 Rg2+ 65. Kf6 b5
66. Rd8 Kc7 67. Rc8+ Kb7 68. Bd5+ 1-0

[Event "Paris-ch Open A"]
[Site "Paris"]
[Date "2008.07.03"]
[Round "6.9"]
[White "Ballester, Alexandre"]
[Black "Djalal, Boris"]
[Result "0-1"]
[WhiteElo "2101"]
[BlackElo "2199"]
[PlyCount "104"]
[EventDate "2008.06.??"]
[EventType "swiss"]
[EventRounds "9"]
[EventCountry "FRA"]
[SourceDate "2008.06.28"]

1. e4 d6 2. d4 Nf6 3. Nc3 g6 4. Bg5 c6 5. f4 Bg7 6. Nf3 O-O 7. Bd3 Bg4 8. Qd2
Bxf3 9. gxf3 Qb6 10. Bc4 Qxb2 11. Rb1 Qa3 12. Rxb7 e6 13. O-O Qa5 14. e5 Nd5
15. Bxd5 cxd5 16. Be7 Rc8 17. Bxd6 Qxc3 18. Qxc3 Rxc3 19. Bxb8 Rxc2 20. Bd6 Bf8
21. Rfb1 a6 22. Rb8 Rc8 23. Rxa8 Rxa8 24. Bxf8 Kxf8 25. Rb6 Rc8 26. Rxa6 Rc4
27. Kf2 Rxd4 28. Ke3 Rd1 29. a4 Kg7 30. a5 d4+ 31. Ke4 d3 32. Ke3 d2 33. Ke2
Rh1 34. Kxd2 Rxh2+ 35. Ke3 Ra2 36. Ra8 h5 37. a6 h4 38. a7 h3 39. Rb8 Rxa7 40.
Rb2 Ra3+ 41. Kf2 h2 42. Rb1 Kh6 43. Rh1 Ra2+ 44. Kg3 g5 45. fxg5+ Kxg5 46. f4+
Kf5 47. Rb1 Ra8 48. Kxh2 Rg8 49. Rb4 Rg4 50. Rb7 Kxf4 51. Kh3 Rg3+ 52. Kh4 Rg7
0-1

[Event "Paris-ch Open A"]
[Site "Paris"]
[Date "2008.07.03"]
[Round "6.10"]
[White "N'Kada, Alexandre"]
[Black "Bettioui, Noureddine"]
[Result "0-1"]
[WhiteElo "2087"]
[BlackElo "2154"]
[PlyCount "58"]
[EventDate "2008.06.??"]
[EventType "swiss"]
[EventRounds "9"]
[EventCountry "FRA"]
[SourceDate "2008.06.28"]

1. e4 c5 2. Nf3 e6 3. d4 cxd4 4. Nxd4 a6 5. Nc3 Nc6 6. g3 Qc7 7. Bg2 b5 8. O-O
Bb7 9. Re1 d6 10. a4 b4 11. Nce2 e5 12. Nf5 Nf6 13. c3 g6 14. Ne3 a5 15. Nd5
Nxd5 16. exd5 Ne7 17. Bg5 h6 18. Bf6 Rh7 19. f4 Qc5+ 20. Kh1 Bxd5 21. fxe5
Bxg2+ 22. Kxg2 dxe5 23. Bxe7 Bxe7 24. cxb4 Qc6+ 25. Kg1 Rd8 26. Qb3 Bxb4 27.
Rac1 Bc5+ 28. Rxc5 Qxc5+ 29. Kh1 Kf8 0-1

[Event "Paris-ch Open A"]
[Site "Paris"]
[Date "2008.07.03"]
[Round "6.20"]
[White "Leitner, Walter"]
[Black "Marchand, Andre"]
[Result "1-0"]
[WhiteElo "2126"]
[BlackElo "2067"]
[PlyCount "29"]
[EventDate "2008.06.??"]
[EventType "swiss"]
[EventRounds "9"]
[EventCountry "FRA"]
[SourceDate "2008.06.28"]

1. e4 c6 2. d4 d5 3. Nc3 dxe4 4. Nxe4 Nf6 5. Nxf6+ gxf6 6. Nf3 Bf5 7. c3 Nd7 8.
g3 e6 9. Bg2 Qc7 10. O-O Be4 11. Re1 f5 12. Ng5 Bxg2 13. Rxe6+ fxe6 14. Qh5+
Kd8 15. Nxe6+ 1-0

[Event "Paris-ch Open A"]
[Site "Paris"]
[Date "2008.07.04"]
[Round "6.21"]
[White "Ferry, Roger"]
[Black "Silva, Francis"]
[Result "0-1"]
[WhiteElo "2123"]
[BlackElo "2009"]
[PlyCount "122"]
[EventDate "2008.06.??"]
[EventType "swiss"]
[EventRounds "9"]
[EventCountry "FRA"]
[SourceDate "2008.06.28"]

1. d4 d5 2. Nf3 Nf6 3. Bf4 c5 4. e3 Nc6 5. c3 Qb6 6. b3 Bf5 7. Bd3 Bxd3 8. Qxd3
e6 9. Nbd2 Rc8 10. O-O cxd4 11. exd4 Ne7 12. Ne5 Ng6 13. Be3 Bd6 14. f4 O-O 15.
f5 exf5 16. Rxf5 Qc7 17. Rc1 Bxe5 18. dxe5 Nxe5 19. Qd4 Neg4 20. Nf3 Nxe3 21.
Qxe3 Qc5 22. Nd4 Rfe8 23. Qd3 Re4 24. Rff1 Rce8 25. Qb5 Qxb5 26. Nxb5 Re2 27.
Rf2 Rxf2 28. Kxf2 Ne4+ 29. Kf3 a6 30. Nd4 Rc8 31. c4 b5 32. Ke3 g6 33. Nf3 f5
34. Kd4 dxc4 35. bxc4 Kf7 36. c5 Ke6 37. c6 b4 38. Ne5 Nc3 39. Re1 Kd6 40. Kc4
Nxa2 41. Kb3 Nc3 42. Kxb4 Ne4 43. Nc4+ Kxc6 44. Rc1 Rb8+ 45. Ka5 Nc5 46. Ne5+
Kd5 47. Rxc5+ Kxc5 48. Nd7+ Kd4 49. Nxb8 Ke3 50. Nd7 Kf2 51. g3 Kg2 52. Nf8
Kxh2 53. Nxh7 Kxg3 54. Kxa6 f4 55. Ng5 f3 56. Kb5 f2 57. Ne4+ Kg2 58. Nd2 f1=Q+
59. Nxf1 Kxf1 60. Kc4 g5 61. Kd4 g4 0-1

[Event "Paris-ch Open A"]
[Site "Paris"]
[Date "2008.07.04"]
[Round "7.1"]
[White "Lebrun, Xavier"]
[Black "Gervasio, Ricardo"]
[Result "1-0"]
[WhiteElo "2144"]
[BlackElo "2287"]
[PlyCount "107"]
[EventDate "2008.06.??"]
[EventType "swiss"]
[EventRounds "9"]
[EventCountry "FRA"]
[SourceDate "2008.06.28"]

1. e4 c5 2. Nf3 Nc6 3. Bb5 e6 4. O-O Nge7 5. Re1 a6 6. Bf1 d6 7. c3 Ng6 8. d4
cxd4 9. cxd4 Be7 10. Nc3 O-O 11. d5 exd5 12. Nxd5 Be6 13. Be3 Bxd5 14. exd5
Nce5 15. Nxe5 Nxe5 16. Qb3 Qd7 17. h3 Bf6 18. f4 Ng6 19. g3 h5 20. Bg2 Rfe8 21.
h4 Qb5 22. Bb6 Qxb3 23. axb3 Bxb2 24. Rxe8+ Rxe8 25. Ra2 Bf6 26. Rc2 Re1+ 27.
Kh2 Rb1 28. Bc7 Be7 29. Rc3 Rb2 30. Kh1 Rd2 31. Ba5 Kh7 32. Bf3 Rd4 33. Re3
Bxh4 34. Bc3 Bf6 35. Bxd4 Bxd4 36. Re4 Bc3 37. Bxh5 a5 38. Rc4 Be1 39. Kg2 Bb4
40. Rc7 b6 41. Rxf7 Bc5 42. Rb7 Nf8 43. Bf7 Kh6 44. Rb8 g6 45. Be6 Nh7 46. Rb7
Nf6 47. Kf3 g5 48. Bf5 gxf4 49. gxf4 Bd4 50. Bd3 Bc5 51. Re7 Kh5 52. Re6 Ng4
53. Be2 Kh4 54. Rg6 1-0

[Event "Paris-ch Open A"]
[Site "Paris"]
[Date "2008.07.04"]
[Round "7.2"]
[White "Lavabre, Fabien"]
[Black "Rabineau, Clement"]
[Result "1-0"]
[WhiteElo "2221"]
[BlackElo "2241"]
[PlyCount "85"]
[EventDate "2008.06.??"]
[EventType "swiss"]
[EventRounds "9"]
[EventCountry "FRA"]
[SourceDate "2008.06.28"]

1. e4 d6 2. d4 Nf6 3. Nc3 g6 4. Be2 Bg7 5. e5 dxe5 6. dxe5 Qxd1+ 7. Bxd1 Ng4 8.
f4 h5 9. Be2 Bf5 10. h3 Nh6 11. Be3 Nc6 12. O-O-O Nb4 13. Rd2 Rd8 14. Rxd8+
Kxd8 15. Nf3 Kc8 16. Nd4 Rd8 17. Bf3 f6 18. e6 c5 19. Nxf5 Nxf5 20. Bxc5 Na6
21. Bxa7 Bh6 22. Nd5 h4 23. Rd1 Rd6 24. Rd3 Rxe6 25. Nb6+ Rxb6 26. Bxb6 Bxf4+
27. Kb1 Nd6 28. Bd5 Nc7 29. Rc3 Ndb5 30. Rc4 Bd6 31. a4 Kb8 32. Rxh4 Na7 33.
Rh8+ Nc8 34. Bf7 g5 35. c3 Be5 36. Rg8 Na8 37. a5 Nc7 38. g4 Bf4 39. Bc5 e6 40.
Bd4 e5 41. Bc5 e4 42. Bg6 Ne6 43. Bf5 1-0

[Event "Paris-ch Open A"]
[Site "Paris"]
[Date "2008.07.05"]
[Round "7.3"]
[White "Bettioui, Noureddine"]
[Black "Laurent, Julien G"]
[Result "0-1"]
[WhiteElo "2154"]
[BlackElo "2294"]
[PlyCount "78"]
[EventDate "2008.06.??"]
[EventType "swiss"]
[EventRounds "9"]
[EventCountry "FRA"]
[SourceDate "2008.06.28"]

1. e4 g6 2. d4 Bg7 3. Nf3 d6 4. Bc4 Nf6 5. Qe2 d5 6. exd5 Nxd5 7. O-O Nc6 8. c3
O-O 9. Ne5 Nxe5 10. dxe5 c6 11. Bb3 Qc7 12. c4 Nb4 13. Bd2 Qxe5 14. Qxe5 Bxe5
15. Bxb4 Bxb2 16. Nd2 Bxa1 17. Rxa1 Re8 18. Re1 Be6 19. Bc2 a5 20. Bc3 Red8 21.
Be4 a4 22. a3 Rd7 23. Kf1 Rf8 24. Re3 b5 25. c5 Bd5 26. Bc2 Rfd8 27. f3 f6 28.
Ke1 Kf7 29. Ba5 Rc8 30. Ne4 Bc4 31. Nf2 Rd5 32. Be4 Rxc5 33. f4 Be6 34. Bb4 Rh5
35. g4 Rxh2 36. Rc3 Bc4 37. Bc5 Bd5 38. Bc2 h5 39. Re3 e6 0-1

[Event "Paris-ch Open A"]
[Site "Paris"]
[Date "2008.07.04"]
[Round "7.4"]
[White "Djalal, Boris"]
[Black "Aguirre, Simon"]
[Result "0-1"]
[WhiteElo "2199"]
[BlackElo "2278"]
[PlyCount "148"]
[EventDate "2008.06.??"]
[EventType "swiss"]
[EventRounds "9"]
[EventCountry "FRA"]
[SourceDate "2008.06.28"]

1. g3 d5 2. Bg2 e5 3. d3 Nc6 4. Nf3 g6 5. O-O Bg7 6. e4 Nge7 7. c3 a5 8. a4 h6
9. Na3 O-O 10. Nb5 Bg4 11. h3 Be6 12. Be3 Qd7 13. Kh2 f5 14. exd5 Nxd5 15. Bc5
Rfe8 16. Re1 Bf7 17. Qc2 Rad8 18. Rad1 g5 19. Rd2 Bg6 20. d4 e4 21. Ne5 Bxe5
22. dxe5 Nxe5 23. Red1 Nd3 24. Rxd3 exd3 25. Qxd3 Nf6 26. Bd4 Qf7 27. Qf1 c6
28. Na3 Bh5 29. Re1 Rxe1 30. Qxe1 Re8 31. Qc1 Nd7 32. b4 Ne5 33. Nc2 Nf3+ 34.
Bxf3 Bxf3 35. Ne3 Qe6 36. bxa5 f4 37. gxf4 c5 38. Be5 Kf7 39. Qg1 Rg8 40. Qg3
Be4 41. c4 Ke7 42. Bb2 Kd7 43. fxg5 Rxg5 44. Ng4 Kc8 45. a6 bxa6 46. Qe3 Qxc4
47. Qf4 Qd5 48. Qf8+ Kb7 49. Qe7+ Kb6 50. Ne3 Qb7 51. Qd6+ Ka7 52. Be5 Rxe5 53.
Qxe5 Qb8 54. f4 Qxe5 55. fxe5 Kb6 56. Kg3 Ka5 57. Kf4 Bg6 58. e6 Kxa4 59. Ke5
Kb4 60. Kf6 Bh5 61. Nd5+ Kb3 62. Kg7 Be8 63. Kf8 Bc6 64. e7 c4 65. e8=Q Bxe8
66. Kxe8 c3 67. Nxc3 Kxc3 68. h4 a5 69. h5 a4 70. Kf7 a3 71. Kg6 a2 72. Kxh6
a1=Q 73. Kh7 Qg1 74. h6 Qg5 0-1

[Event "Paris-ch Open A"]
[Site "Paris"]
[Date "2008.07.04"]
[Round "7.5"]
[White "Renault, Fabien"]
[Black "Baron, Thierry"]
[Result "0-1"]
[WhiteElo "2136"]
[BlackElo "2259"]
[Annotator "Triger,Franck"]
[PlyCount "68"]
[EventDate "2008.06.??"]
[EventType "swiss"]
[EventRounds "9"]
[EventCountry "FRA"]
[SourceDate "2008.06.28"]

1. e4 e5 2. Nf3 Nc6 3. d4 exd4 4. Nxd4 Bc5 5. Be3 Qf6 6. c3 Nge7 7. g3 d5 8.
Bg2 dxe4 9. Nd2 Bb6 10. Nxe4 Qg6 11. O-O O-O 12. Nxc6 Nxc6 13. Bf4 Bf5 14. Re1
Rfe8 15. Nd2 Bd3 16. a4 a5 17. Qf3 h6 18. Be3 Bxe3 19. Rxe3 Bc2 20. Rxe8+ Rxe8
21. b4 axb4 22. cxb4 Qd6 23. Qc3 Nd4 24. Kh1 Re2 25. Nf3 Nxf3 26. Bxf3 Rxf2 27.
a5 Qd7 28. Kg1 Rxf3 29. Qxc2 Qd4+ 30. Kg2 Rd3 31. Ra2 Qd5+ 32. Kh3 Qf5+ 33. Kg2
Qf3+ 34. Kh3 Rd5 (34... Qf1+ 35. Kg4 Rd4+ 36. Kh5 Qh3#) 0-1

[Event "Paris-ch Open A"]
[Site "Paris"]
[Date "2008.07.04"]
[Round "7.6"]
[White "Rene, Benoit"]
[Black "Matrand, Arnaud"]
[Result "1/2-1/2"]
[WhiteElo "2281"]
[BlackElo "2125"]
[PlyCount "40"]
[EventDate "2008.06.??"]
[EventType "swiss"]
[EventRounds "9"]
[EventCountry "FRA"]
[SourceDate "2008.06.28"]

1. g3 g6 2. Bg2 Bg7 3. e4 c5 4. d3 Nc6 5. Nf3 e6 6. O-O Nge7 7. c3 e5 8. a3 a5
9. a4 O-O 10. Na3 d5 11. exd5 Nxd5 12. Re1 h6 13. Nc4 Re8 14. Qb3 Nc7 15. Be3
Bf8 16. Rad1 Be6 17. Nfd2 Rb8 18. Ne4 b6 19. Qc2 Nd5 20. Bc1 f5 1/2-1/2

[Event "Paris-ch Open A"]
[Site "Paris"]
[Date "2008.07.04"]
[Round "7.7"]
[White "Silva, Francis"]
[Black "Pozdnjakov, Evgueniy"]
[Result "0-1"]
[WhiteElo "2009"]
[BlackElo "2244"]
[PlyCount "164"]
[EventDate "2008.06.??"]
[EventType "swiss"]
[EventRounds "9"]
[EventCountry "FRA"]
[SourceDate "2008.06.28"]

1. d4 d5 2. c4 c6 3. Nf3 Nf6 4. Nc3 a6 5. a4 e6 6. Bf4 Bb4 7. Bd2 O-O 8. e3
Nbd7 9. Bd3 Qe7 10. O-O dxc4 11. Bxc4 e5 12. Qc2 Bd6 13. Bd3 Re8 14. Ng5 h6 15.
Nge4 Bc7 16. Ng3 Nf8 17. dxe5 Bxe5 18. Nce2 Nd5 19. Nd4 Nb4 20. Ndf5 Nxc2 21.
Nxe7+ Rxe7 22. Bxc2 Bxb2 23. Rab1 Be5 24. Bb4 Re8 25. a5 Ne6 26. Ne4 g5 27. Bd6
Bg7 28. Bg3 Nd8 29. Nd6 Re7 30. Nc4 b5 31. Nb6 Bb7 32. Rbd1 Ne6 33. Nxa8 Bxa8
34. Bf5 Bb7 35. Bd6 Re8 36. Bxe6 fxe6 37. Bc5 Bc3 38. Rd7 Bc8 39. Rc7 Bxa5 40.
Rxc6 Bb7 41. Rd6 Rc8 42. Bb6 Bc3 43. Bd4 Bxd4 44. exd4 Bd5 45. Rxa6 b4 46. Rb6
b3 47. Rb1 Rc2 48. g3 Rd2 49. Rb4 Kf7 50. Kf1 Kf6 51. Ke1 Rd3 52. Ke2 Rc3 53.
Kd2 Rf3 54. Ke2 Kf5 55. Rb2 Kg4 56. Rb6 Kf5 57. Rb4 h5 58. Rb8 Ke4 59. Rb4 h4
60. Rb8 Bc4+ 61. Kd2 Kxd4 62. Rd8+ Bd5 63. Ke2 Ke4 64. Rc8 hxg3 65. hxg3 g4 66.
Rc1 Kd4 67. Rd2+ Ke4 68. Rb2 Rf7 69. Rc3 Rb7 70. Rc1 Rb4 71. Rc3 Kd4 72. Rc1
Bc4+ 73. Kd2 Rb5 74. Rc3 Rb7 75. Re3 e5 76. Kc1 e4 77. Rd2+ Bd3 78. Kb2 Kc4 79.
Re1 Ra7 80. Rc1+ Kb4 81. Rcd1 Ra2+ 82. Kc1 Kc3 0-1

[Event "Paris-ch Open A"]
[Site "Paris"]
[Date "2008.07.04"]
[Round "7.9"]
[White "Strugnell, Carl"]
[Black "Hauroo, Harris"]
[Result "1-0"]
[WhiteElo "2188"]
[BlackElo "2134"]
[Annotator "Triger,Franck"]
[PlyCount "101"]
[EventDate "2008.06.??"]
[EventType "swiss"]
[EventRounds "9"]
[EventCountry "FRA"]
[SourceDate "2008.06.28"]

1. e4 c5 2. Nf3 d6 3. d4 cxd4 4. Nxd4 Nf6 5. Nc3 a6 6. f3 e6 7. Be3 b5 8. Qd2
b4 9. Nce2 e5 10. Nb3 Nc6 11. O-O-O Rb8 12. g4 h6 13. Ng3 a5 14. Kb1 a4 15. Nc1
Qc7 16. h4 Be6 17. Qg2 Na5 18. b3 Nd7 19. g5 hxg5 20. hxg5 Rxh1 21. Qxh1 g6 22.
Bh3 Rc8 23. Rd2 Bxh3 24. Qxh3 axb3 25. axb3 Qc3 26. Nf1 Ra8 27. Na2 Qc6 28. Rd5
Nc4 29. Nxb4 Qb7 30. c3 Nxe3 31. Nxe3 Qa7 32. Nec2 Qg1+ 33. Kb2 Qxg5 34. Rb5
Nc5 35. f4 Qd8 36. Nd5 Qc8 37. f5 Nxe4 38. c4 gxf5 39. Nb6 Qa6 40. Qxf5 Nc5 (
40... Qa2+ $3 41. Kc1 Bh6+ 42. Kd1 Qb1+ 43. Ke2 Qxc2+ 44. Kf3 Qd3+ 45. Kg4 Qg3+
46. Kh5 Qh2+ 47. Kg4 Qg2+ 48. Kh4 Bg5+ 49. Kh5 Qe2+ 50. Qg4 Qh2+ 51. Qh4 Qxh4#)
41. Nxa8 Qxa8 42. Ne3 e4 43. Qf6 Nd3+ 44. Kb1 Qa7 45. Qg5 Nc5 46. Qd5 Bg7 47.
Qc6+ Nd7 48. Qc8+ Ke7 49. Nd5+ Ke6 50. Qe8+ Kf5 51. Qxf7+ 1-0